000 01633cam a2200409 i 4500
001 62124
003 Mx-PuUPA
005 20251020080348.0
008 150225s2008 sp ad gr 000 spa d
017 _aM.9.970-2008
020 _a9788496889118
040 _aMx-PuUPA
_bspa
_cMx-PuUPA
_dMx-PuUPA
_erda
041 0 _aspa
245 0 0 _aAnálisis de datos en la investigación social de la familia /
_cNuria Badenes Plá, Má. Teresa López López, Carolina Navarro Ruiz, [y otros cuatro] ; dirección y coordinación, Ma. Teresa López López, Daniel Satín González
250 _aPrimera edición
264 1 _aMadrid :
_bEdiciones Cinca,
_c2008
300 _a241 páginas :
_bilustraciones, gráficas ;
_c24 cm +
_e1 disco de computadora (4 3/4 plg.)
336 _atexto
_2rdacontent
_btxt
337 _asin medio
_2rdamedia
_bn
337 _acomputadora
_2rdamedia
_bc
338 _avolumen
_2rdacarrier
_bnc
338 _adisco compacto
_2rdacarrier
_bcd
490 0 _aColección Acción Familiar ;
_v8
650 7 _2armarc
_aInvestigaciones evaluativas (programas de acción social)
650 7 _2armarc
_aAnálisis de datos
650 7 _2armarc
_aEvaluación
650 7 _2armarc
_aInvestigación social
650 7 _2armarc
_aFamilias
700 1 _aBadenes Plá, Nuria,
_eautor
700 1 _aLópez López, María Teresa,
_eautor
700 1 _aNavarro Ruiz, Carolina
_eautor
_9520
700 1 _aLópez López, Ma. Teresa,
_edirector
_ecoordinador
700 1 _aSatín González, Daniel,
_edirector
_ecoordinador
942 _2ddc
_cLI
_h352.75
_iA53
999 _c62124
_d62124